Fifty modern thinkers on education : (Record no. 2130)
[ view plain ]
| 000 -LEADER | |
|---|---|
| fixed length control field | 01000cam a22002652 4500 |
| 001 - CONTROL NUMBER | |
| control field | 0000003527 |
| 005 - DATE AND TIME OF LATEST TRANSACTION | |
| control field | 20151217145735.0 |
| 008 - FIXED-LENGTH DATA ELEMENTS--GENERAL INFORMATION | |
| fixed length control field | 070509s xx 000 0 eng d |
| 020 ## - INTERNATIONAL STANDARD BOOK NUMBER | |
| International Standard Book Number | 0415224098 : |
| Terms of availability | GBP 20.99 |
| 040 ## - CATALOGING SOURCE | |
| Original cataloging agency | KABU |
| Transcribing agency | KABU |
| 050 #0 - LIBRARY OF CONGRESS CALL NUMBER | |
| Classification number | LB17 |
| Item number | .F54 |
| 245 10 - TITLE STATEMENT | |
| Title | Fifty modern thinkers on education : |
| Remainder of title | from Piaget to the present day / |
| Statement of responsibility, etc. | edited by. Joy A. Palmer; advisory editors, Liora Bresler and David E. Cooper. |
| 260 ## - PUBLICATION, DISTRIBUTION, ETC. (IMPRINT) | |
| Place of publication, distribution, etc. | London ; |
| -- | New York : |
| Name of publisher, distributor, etc. | Routledge, |
| Date of publication, distribution, etc. | 2001. |
| 300 ## - PHYSICAL DESCRIPTION | |
| Extent | xv, 290 p. ; |
| Dimensions | 22 cm. |
| 440 #0 - SERIES STATEMENT/ADDED ENTRY--TITLE | |
| Title | Routledge key guides |
| -- | 0000153503 |
| 504 ## - BIBLIOGRAPHY, ETC. NOTE | |
| Bibliography, etc | Includes bibliographical references and index. |
| 650 #0 - SUBJECT ADDED ENTRY--TOPICAL TERM | |
| Topical term or geographic name as entry element | Education |
| General subdivision | Philosophy |
| -- | History. |
| Chronological subdivision | 20th century. |
| -- | 0000153504 |
| 650 #0 - SUBJECT ADDED ENTRY--TOPICAL TERM | |
| Topical term or geographic name as entry element | Educators |
| General subdivision | Biography. |
| -- | 0000153505 |
| 650 #0 - SUBJECT ADDED ENTRY--TOPICAL TERM | |
| Topical term or geographic name as entry element | Education |
| General subdivision | History |
| Chronological subdivision | 20th century. |
| -- | 0000153506 |
| 700 1# - ADDED ENTRY--PERSONAL NAME | |
| Personal name | Palmer, Joy. |
| -- | 0000018150 |
| 700 1# - ADDED ENTRY--PERSONAL NAME | |
| Personal name | Cooper, David Edward. |
| -- | 0000153507 |
| 908 ## - PUT COMMAND PARAMETER (RLIN) | |
| Put command parameter | 070509 |
| 950 ## - LOCAL HOLDINGS (RLIN) | |
| -- | 1 |
| Withdrawn status | Lost status | Source of classification or shelving scheme | Not for loan | Home library | Current library | Date acquired | Total Checkouts | Full call number | Barcode | Date last seen | Date last checked out | Price effective from | Koha item type |
|---|---|---|---|---|---|---|---|---|---|---|---|---|---|
| Library of Congress Classification | Kabarak, Main Campus | Kabarak, Main Campus | 17/12/2015 | 2 | LB17 .F54 | 006850 | 23/02/2022 | 16/02/2022 | 17/12/2015 | General Collection |